Les 20 personnalités préférées des Français en 2022 - Statistiques

Statistiques générales
  • Ce quiz a été pris 954 fois
  • Le résultat moyen est 5 sur 20
Statistiques - réponses
Personnalités % Correct
Kylian Mbappé
78%
Thomas Pesquet
69%
Antoine Griezmann
61%
Omar Sy
54%
Jean-Jacques Goldman
48%
Olivier Giroud
43%
Zinédine Zidane
41%
Hugo Lloris
36%
Florent Pagny
17%
Michel Sardou
17%
Florence Foresti
14%
Soprano
13%
Jean Reno
11%
Vianney
11%
Philippe Etchebest
6%
Francis Cabrel
5%
Stéphane Plaza
5%
Cyril Lignac
3%
Julien Doré
3%
Grand Corps Malade
1%
Aucun quiz correspondant
Distribution des résultats
% des personnes avec chaque résultat
Percentile par nombre de réponses
Votre historique - résultats
Vous n’avez pas pris ce quiz